Hauptstädte Ozeaniens - Statistiken

Allgemein
  • Dieses Quiz wurde 364 mal gespielt
    333 seit der letzten Aktualisierung
  • Das Durchschnittsergebnis liegt bei 8 aus 14
Antwortstatistiken
Land Hauptstadt % Korrekt
Neuseeland Wellington
89%
Australien Canberra
88%
Fidschi Suva
64%
Nauru Yaren
60%
Papua-Neuginea Port Moresby
59%
Vanuatu Port Vila
56%
Samoa Apia
49%
Kiribati South Tarawa
49%
Tonga Nuku‘alofa
48%
Palau Ngerulmud
47%
Salomonen Honiara
43%
Tuvalu Funafuti
42%
Mikronesien Palikir
42%
Marshallinseln Majuro
41%
Keine übereinstimmenden Quizze gefunden
Verteilung der Resultate
Anzahl Personen mit jedem Resultat
Perzentil nach korrekt beantworteten Fragen
Ihre Resultats-Entwicklung
Sie haben dieses Quiz seit der letzten Aktualisierung nicht gespielt